[Event "Kuala Lumpur UM KPT op"]
[Site "Kuala Lumpur"]
[Date "2016.12.16"]
[Round "2"]
[White "Mislah, Haikal Syafie"]
[Black "Mokhtar, Nurul Asry"]
[Result "0-1"]
[WhiteElo "1452"]
[BlackElo "1565"]
[PlyCount "40"]
[EventDate "2016.12.16"]
[EventType "swiss"]
[EventRounds "9"]
[EventCountry "MAS"]
[SourceTitle "CBM 176 Extra"]
[Source "ChessBase"]
[SourceDate "2017.03.02"]
[SourceVersion "1"]
[SourceVersionDate "2017.03.02"]
[SourceQuality "1"]

1. e4 g6 2. d4 d6 3. Nc3 Bg7 4. Be3 Nf6 5. Qd2 Ng4 6. h3 Nxe3 7. Qxe3 0-0 8. 0-0-0 c6 9. Nge2 Na6 10. g4 b5 11. Ng3 b4 12. Na4 Qa5 13. b3 c5 14. Bc4 cxd4 15. Rxd4 Bxd4 16. Qxd4 Nc5 17. g5 Nxa4 18. bxa4 Qxg5+ 19. Kb1 Qa5 20. h4 Qc5 0-1